000 00253nam a22001217a 4500
008 171215b xxu||||| |||| 00| 0 eng d
041 _aeng
080 _a591
100 _a7
101 _aZOO
245 _aANIMAL DISEASES
_cALFRED.S
942 _2udc
_cBK
999 _c39007
_d39007